Statistiques concernant Top 10 ballon d'or 2008.

Cliquez ici pour prendre le quiz!

Statistiques générales

  • Ce quiz a été pris 132 fois
  • Le résultat moyen est 7 sur 10

Statistiques - réponses

PointsJoueursClubs% Correct
446Cristiano RonaldoMan United
99%
281Lionel MessiBarca
99%
28Steven GerrardLiverpool
78%
97XaviBarca
75%
31KakaMilan
71%
179Fernando TorresLiverpool
63%
30Zlatan IbrahimovicInter
58%
55David VillaValence
55%
133Iker CasillasReal
51%
64Andrei ArshavinZenith
23%

Distribution des résultats

Percentile par nombre de réponses

% des personnes avec chaque résultat

Votre développement - résultats

Vous n’avez pas pris ce quiz